| 000 | 01966nam a2200457 c 4500 | ||
|---|---|---|---|
| 999 |
_c73033 _d73033 |
||
| 003 | BLK | ||
| 005 | 20250802114612.0 | ||
| 008 | 180408b bul|||||r ||||||| ||bul|| | ||
| 010 | _aKNG00077413000 | ||
| 020 | _a954-540-043-9 | ||
| 020 | _a9789545400438 | ||
| 040 | _aBLK | ||
| 041 |
_aBUL _cBUL |
||
| 080 |
_aИталианска литература _b821.131.1 _x-93-34 _z821.131.1-93-34 |
||
| 100 |
_aРодари, Джани _d1920-1980 _gИталиански писател _9253674 |
||
| 139 |
_aРодари, Джани _bР 73 |
||
| 245 | 1 | 0 |
_aПриказки по телефона _cДжани Родари; прев. от итал. Светозар Асенов Златаров; прев. от итал. Веска Калканова-Футекова; рис. Илко Грънчаров. |
| 250 | _a3. доп. и прераб. изд. | ||
| 257 | _aITA | ||
| 260 |
_aСофия _bАгата-А _c2005 _fСофия : АСИ - Панчо Цекин |
||
| 300 |
_a152 с. _bс ил. _c20 см |
||
| 380 | _aDX | ||
| 490 |
_aПриказки безкрай _9203543 |
||
| 500 | _aОриг. загл. Favole al telefono / Gianni Rodari. - 1. изд. 1995. - Офс. изд. - Доп. тир. 2009, 2010, 2015. | ||
| 653 | _aприказки | ||
| 653 | _aлитература за деца | ||
| 653 | _aдетска литература | ||
| 700 | 1 |
_aЗлатаров, Светозар Асенов _eпрев. от итал. _9367266 |
|
| 700 | 1 |
_aКалканова-Футекова, Веска _eпрев. от итал. _975327 |
|
| 700 | 1 |
_aГрънчаров, Илко _eрис. _9255431 |
|
| 852 | _aЦб 235496 | ||
| 856 | 4 |
_qpdf _i0.00 _ldisable |
|
| 856 | 4 |
_qpdf _i0.00 _ldisable |
|
| 942 |
_cKNG _n0 _01048 _s1 |
||
| 944 |
_aCR _c14.08.2007 _lИва Цветкова _k30543 |
||
| 944 |
_aED _c25.10.2017 _lф / _kЛюдмила_Стоянова |
||
| 999 | _d73033 | ||
| 999 | _d73033 | ||
| 999 | _d73033 | ||
| 999 | _d73033 | ||